Bon Jovi Songs - Sudden Death - Statistics

General Stats
  • This quiz has been taken 114 times
  • The average score is 6 of 10
Answers on the Grid
Answers color-coded by a green-red scale on the quiz's grid according to % correct below.
Always
Bad mEdicine
Broken Wings of Desire
Chains of American Fire
Dry County
Edge of the Open Sky
Final Promise in the Dark
Hard Times Never Fade
Hearts That Refuse to Fall
Holding on to Yesterday
It’s My Life
Last Train from Jersey
Let It Rain
Livin’ on a Prayer
Love on the Line Again
Midnight Callin' You Home
Neon Saints & Broken Dreams
Ride on Fire Tonight
Roads We Never Chose
Runaway Highway Heart
Running Wild Through Heaven
Shoutgun Love Affair
Small Town Thunder Road
Small Wings of Desire
Steel Roses in the Rain
Streetlights & Silver Promises
These Days
Wanted Dead or Alive
Wild Is the Wind
You Give Love a Bad Name
 
Answer Stats
Answer % Correct
It’s My Life
89%
Livin’ on a Prayer
86%
Bad mEdicine
80%
Always
77%
You Give Love a Bad Name
76%
Wanted Dead or Alive
72%
These Days
32%
Dry County
26%
Wild Is the Wind
22%
Let It Rain
11%
No matching quizzes found
Score Distribution
Percent of People with Each Score
Percentile by Number Answered
Your Score History
You have not taken this quiz